[Event "Poikovsky Karpov 08th"]
[Site "Poikovsky"]
[Date "2007.03.22"]
[Round "7"]
[White "Jakovenko, Dmitrij"]
[Black "Alekseev, Evgeny V"]
[Result "1-0"]
[WhiteElo "2691"]
[BlackElo "2661"]
[Annotator "Ftacnik,L"]
[PlyCount "63"]
[EventDate "2007.03.15"]
[EventType "tourn"]
[EventRounds "9"]
[EventCountry "RUS"]
[EventCategory "17"]
[SourceTitle "CBM 117"]
[Source "ChessBase"]
[SourceDate "2007.03.30"]
[SourceVersion "1"]
[SourceVersionDate "2007.03.30"]
[SourceQuality "1"]

1. e4 c5 2. Nf3 d6 3. d4 cxd4 4. Nxd4 Nf6 5. Nc3 a6 6. Be2 e5 7. Nb3 Be7 8. O-O
O-O 9. Kh1 b6 {Black is avoiding complications with early a2-a4 and prefers to
play the pawn advance to b5 later.} 10. Be3 Bb7 11. f3 b5 12. a4 b4 13. Nd5
Nxd5 14. exd5 Nd7 15. c3 bxc3 16. bxc3 Bg5 17. Bf2 f5 {The whole line became
very topical a Jakovenko knows it very well after quite a few of his top level
games.} (17... Qc7 18. c4 a5 (18... Rab8 19. a5 Rfe8 (19... Ba8 20. Ra4 Qb7 21.
Nc1 Nc5 22. Ra1 Qd7 23. Ra2 Rfc8 24. Nd3 Nb3 25. f4 exf4 26. Bb6 Nc5 {1/2
Nijboer,F (2638)-Vachier Lagrave,M (2573)/Wijk aan Zee 2007/ (32)}) 20. Rb1 g6
21. Bd3 Ba8 22. Qc2 Rb4 23. Be1 Rbb8 24. Bf2 Rb4 25. Be1 Rbb8 26. Bf2 {1/2
Onischuk,A (2625)-De Firmian,N (2570)/Luzern 1997/}) (18... Rfb8 19. a5 Bc8 20.
c5 dxc5 21. d6 Qc6 22. Bc4 Nf6 23. Nxc5 Rb2 24. Qa4 Qxa4 25. Nxa4 Rc2 26. Bb3
Rd2 27. Nb6 Rb8 28. Rad1 {1-0 Jakovenko,D (2596)-Fedorowicz,J (2507)/Montreal
2005/ (49)}) 19. Qe1 (19. Nd2 f5 20. Nb1 Rf6 21. Nc3 Raf8 22. Nb5 Qd8 23. Rb1
Ba8 24. Qc2 Nc5 25. Qc3 Rh6 26. Be1 Bb7 27. Qxa5 Qf6 28. Bf2 e4 {1/2 Jakovenko,
D (2552)-Sasikiran,K (2650)/Pardubice 2002/ (45)}) 19... Rfb8 20. Ra3 g6 21.
Bd3 f5 22. Qe2 Nf6 23. Qc2 Re8 24. Ra2 Rac8 25. Qb1 Ba6 26. c5 Bxd3 27. Qxd3
dxc5 28. Bxc5 Qf7 {1/2 Zhang Zhong (2657)-Sasikiran,K (2569)/Hastings 2002/ 
(65)}) (17... h5 18. c4 Re8 19. Rb1 h4 20. Nd2 (20. Qc2 Rc8 21. Rfd1 Nf6 22.
Qf5 Nd7 23. Nd2 g6 24. Qh3 Rb8 25. Ne4 Be7 26. Bxh4 Bxh4 27. Nxd6 {1-0
Jakovenko,D (2570)-Ghaem Maghami,E (2511)/Goa 2002/ (37)}) 20... Bc8 21. Ne4
Be7 22. c5 Nxc5 23. Bxc5 dxc5 24. d6 Bf8 25. Bc4 Be6 26. Bd5 Ra7 27. Rf2 {
1-0 Ye Jiangchuan (2684)-Ghaem Maghami,E (2528)/Jodhpur 2003/ (47)}) 18. Rb1 (
18. c4 Nf6 19. Rb1 Rb8 20. a5 Ba8 21. Ba7 Rc8 22. Bb6 Qe7 23. c5 Bxd5 24. Bxa6
Rb8 25. Qe2 {1-0 Pokazanjev,N (2456)-Bodnaruk,A (2255)/St Petersburg 2006/ (79)
}) 18... Rf7 19. c4 Nf6 20. Qc2 g6 (20... Bc8 21. Rfd1 Rb8 22. c5 $14) 21. Rfd1
Rc8 22. c5 $5 {[%mdl 4] This daring move is the key element of the whole
strategy, white is trying to obtain advantage with the help of the opening in
the center.} (22. Qa2 $5) 22... Kg7 $2 {Alekseev was not in the top form in
Poikovsky, but this alibistic move is just a poor reaction to the impending
crises.} (22... Bxd5 $1 23. Rxd5 (23. Bxa6 Rc6 24. Bb5 Rc8 25. Bc4 Bxc4 26.
Qxc4 Qe7 27. Rxd6 Qxd6 28. Qxf7+ Kxf7 29. cxd6 Ke6 $11) 23... Nxd5 24. Bc4 Ne7
25. Bxf7+ Kxf7 26. Qc4+ d5 27. Qxa6 d4 $15 {1/2 Lapenna,A (2079)-Bresciani,N 
(2290)/Bratto 2006/ (45)}) 23. Bc4 (23. c6 $5 Nxd5 24. Nc5 $1 (24. Rxd5 Rxc6
25. Qd3 $16) 24... dxc5 25. Rxb7 Rxc6 26. Rxf7+ Kxf7 27. Rxd5 $18) 23... Rcc7 (
23... dxc5 24. d6 Rd7 25. Nxc5 $18) 24. Na5 (24. c6 Bc8 25. Bb6 Nh5 26. Qf2 $18
) 24... Bc8 25. cxd6 {The battle is effectively over since Jakovenko is
completely dominating the queenside.} Rcd7 (25... Qxd6 26. Rb6 Qd8 27. d6 $18)
26. Nc6 Qe8 27. Rb8 $1 Rb7 (27... Rxd6 28. Bc5 Rdd7 (28... Rxc6 29. dxc6 Rc7
30. Rd6 Rxc6 31. Bxa6 $18) 29. Bxa6 $18) 28. Ra8 $1 {The rook on the 8th rank
is often annoying, but here it is just too much for black concerned with shaky
center.} e4 29. Ne7 Rfxe7 (29... e3 30. Bxa6 $18) 30. dxe7 e3 31. Bf1 (31. Bxa6
exf2 32. d6 $18) 31... exf2 32. d6 1-0

[Event "EU-chT (Men) 13th"]
[Site "Leon"]
[Date "2001.11.10"]
[Round "5.3"]
[White "Sutovsky, Emil"]
[Black "Nikolaidis, Ioannis"]
[Result "0-1"]
[WhiteElo "2664"]
[BlackElo "2524"]
[Annotator "Ftacnik,L"]
[PlyCount "78"]
[EventDate "2001.11.06"]
[EventType "team-swiss"]
[EventRounds "9"]
[EventCountry "ESP"]
[SourceTitle "CBM 086"]
[Source "ChessBase"]
[SourceDate "2002.02.05"]
[SourceVersion "1"]
[SourceVersionDate "2002.02.05"]
[SourceQuality "1"]
[WhiteTeam "Israel"]
[BlackTeam "Greece"]
[WhiteTeamCountry "ISR"]
[BlackTeamCountry "GRE"]

1. e4 c5 2. Nc3 a6 3. Nf3 d6 4. d4 cxd4 5. Nxd4 Nf6 6. Be2 e5 7. Nb3 Be7 8. O-O
Be6 9. f4 Qc7 10. Kh1 Nbd7 11. g4 h6 12. g5 hxg5 13. fxg5 Nh7 $1 14. Nd5 Qd8
15. Nxe7 Qxe7 16. Qd2 (16. h4 $2 Nxg5 $19) 16... O-O-O 17. Qe3 {[%mdl 4]
White's opening strategy was refuted, g5 pawn is weak and king on h1 reather
exposed. On top of it his pieces are badly coordinated.} (17. Rd1 Nc5 18. Bf3
f6 19. g6 Ng5 $17) 17... Kb8 (17... d5 18. exd5 Bxd5+ 19. Bf3 Bxf3+ 20. Rxf3
Kb8 $15) 18. Rd1 (18. Bd2 f6 19. gxf6 Nhxf6 $15) 18... f6 $1 19. Na5 (19. g6
Ng5 20. Bf1 Rh6 $17) 19... Nxg5 (19... Rc8 20. Qd3 Nhf8 21. Qxd6+ Qxd6 22. Rxd6
Rxc2 23. Rd2 Rxd2 24. Bxd2 Nc5 $15) 20. Bxa6 Rh3 (20... Nc5 21. Bxb7 Qc7 22.
Qc3 Ngxe4 (22... Nxb7 23. Nc6+ Kc8 24. Bxg5 fxg5 25. Na7+ Kd7 26. Qxe5 $15) 23.
Bxe4 Nxe4 24. Qb4+ Kc8 25. Qxe4 Qxa5 $15) 21. Qd2 (21. Qe2 Rdh8 22. Bxg5 (22.
Qb5 $2 Rxh2+ 23. Kg1 Nf3+ 24. Kf1 Bh3#) 22... Rxh2+ 23. Qxh2 Rxh2+ 24. Kxh2 Qf7
25. Nxb7 Qh5+ 26. Kg1 Qxg5+ $19) (21. Bxb7 Rxe3 22. Bxe3 (22. Nc6+ Kxb7 23.
Nxe7 Rxe4 24. Bxg5 Re8 25. Rxd6 Rxe7 $19) 22... Qf8 $19) 21... Nc5 (21... Nf3
22. Nc6+ Kc7 23. Nxe7 Nxd2 24. Bxd2 bxa6 25. Ba5+ Nb6 26. Nd5+ Bxd5 27. Rxd5
$14) (21... Rdh8 22. Nc6+ bxc6 23. Qb4+ Nb6 (23... Kc7 $2 24. Qb7+ Kd8 25. Qc8#
) 24. Qxb6+ Ka8 25. Qxc6+ Ka7 26. Be3+ $1 Kb8 (26... Rxe3 $2 27. Rxd6 $18) 27.
Qb6+ Ka8 $11) 22. Bxb7 (22. Qe2 Ngxe4 23. Kg1 Nxa6 24. Qxa6 bxa6 25. Nc6+ Kb7
26. Nxe7 Re8 27. Nd5 Reh8 $19) 22... Nf3 $1 {The tactics in this part of the
game is fascinating, but white suffers due to underdeveoped pieces.} 23. Nc6+ (
23. Bd5 Rc8 24. Qb4+ Qb7 $1 25. Qxb7+ Nxb7 26. Kg2 Rxc2+ 27. Bd2 Nh4+ 28. Kf1
Bxd5 29. exd5 Nxa5 $19) 23... Kxb7 24. Nxe7 Nxd2 25. Rxd2 (25. Bxd2 Nxe4 $19)
25... Nxe4 26. Rg2 g5 27. c4 $8 (27. b3 Rh7 28. Ng6 Bf5 $19) 27... Bxc4 28. b3
Be6 $19 {The smoke has cleared and white is positionally and materially lost.}
29. Rc2 Rdh8 30. Ba3 (30. Kg1 g4 31. a4 g3 $19) 30... g4 31. Re1 f5 (31... d5
32. Rb2 g3 33. Ree2 Nf2+ $19) 32. Rxe4 fxe4 33. Bxd6 g3 34. Rc7+ (34. Bxe5
Rxh2+ 35. Rxh2 Rxh2+ 36. Kg1 Bh3 $19) 34... Ka8 35. a4 (35. Nc6 Rxh2+ 36. Kg1
Rxa2 $19) 35... Rxh2+ 36. Kg1 Rh1+ 37. Kg2 R1h2+ 38. Kg1 (38. Kf1 Rd2 $19)
38... Bg4 39. Bxe5 (39. Nc6 Rh1+ 40. Kg2 Bf3+ 41. Kxg3 Rg1+ 42. Kf2 Rg2+ 43.
Ke3 Re2#) 39... Bf3 0-1

[Event "Dos Hermanas 10th"]
[Site "Dos Hermanas"]
[Date "1999.04.17"]
[Round "9"]
[White "Svidler, Peter"]
[Black "Polgar, Judit"]
[Result "0-1"]
[WhiteElo "2713"]
[BlackElo "2677"]
[Annotator "Ftacnik,L"]
[PlyCount "66"]
[EventDate "1999.04.06"]
[EventType "tourn"]
[EventRounds "9"]
[EventCountry "ESP"]
[EventCategory "19"]
[SourceTitle "CBM 071"]
[Source "ChessBase"]
[SourceDate "1999.08.01"]
[SourceVersion "1"]
[SourceVersionDate "1999.08.01"]
[SourceQuality "1"]

1. e4 c5 2. Nf3 d6 3. d4 cxd4 4. Nxd4 Nf6 5. Nc3 a6 6. Be2 e5 7. Nb3 Be7 8. O-O
O-O 9. Be3 Be6 10. Nd5 Nbd7 11. Qd3 Bxd5 12. exd5 Nc5 13. Qd2 (13. Nxc5 dxc5
14. c4 Bd6 15. b4 $5) 13... Nfe4 14. Qb4 a5 (14... b6 15. f3 Nf6 16. Qd2 Qd7
17. f4 Nfe4 18. Qb4 Rfb8 19. Nxc5 Nxc5 20. fxe5 dxe5 21. Rad1 Bd6 22. Qh4 Rf8
23. g4 Qa4 24. c4 Qc2 25. Rd2 Qe4 26. Qh3 a5 27. b3 {Shirov,A-Topalov,V/
Sarajevo/1999/ 1-0 (76)}) 15. Qb5 Qc7 16. Rfd1 (16. Nxc5 dxc5 17. Qc4 Nf6 18.
Rfd1 Bd6 19. a3 Nd7 20. Rab1 Rac8 21. g4 Qd8 22. Kh1 Qh4 23. Rg1 e4 24. Rg2
Rce8 25. g5 Ne5 26. Qa4 Nf3 27. Qd7 Bxh2 {0-1 Nikolenko,O-Voitsekhovsky,S/
Minsk/1998/ (50)}) 16... b6 17. Qc4 (17. a3 f5 18. Nxc5 bxc5 $13) 17... f5 18.
Bd3 Qd8 {Black must get some counterplay on the kingside, since white's two
bishops and domination on queenside make his position vulnerable.} (18... f4 $6
19. Bxe4 (19. Bxc5 Nxc5 20. Nxc5 Qxc5 21. Qe4 g6 $14) 19... fxe3 20. fxe3 b5
21. Qc3 b4 22. Qc4 Bg5 23. Re1 Rac8 24. Nxc5 Qxc5 25. Qd3 h6 26. Bf5 $16) 19.
Nxc5 Nxc5 20. a3 Rc8 21. Qb5 (21. b4 Nxd3 22. Qxd3 f4 23. Bd2 f3 $1 $15) 21...
e4 22. Bf1 Bf6 (22... f4 $5 23. Bd4 Bf6 24. Bxf6 (24. b4 $5) 24... Rxf6 25. b4
Nd7 26. Re1 e3 $1 27. fxe3 f3 28. gxf3 Ne5 29. Bg2 Nxf3+ 30. Bxf3 Rxf3 $17) 23.
Rab1 (23. Bd4 f4 (23... Bxd4 24. Rxd4 Nd7 $15) 24. b4 (24. Bxf6) 24... Nd7 25.
Bxf6 Nxf6 26. c4 e3 $15) 23... Be5 24. b4 axb4 25. Rxb4 $2 {Svidler is making
a move, that equals positional bancrupcy. Black seems to be having a good game,
but after this move all white pawns on the queenside are of lesser quality.} (
25. axb4 Nd7 26. c4 f4 27. Bd4 Bxd4 28. Rxd4 Nf6 $15) 25... Nd7 26. Rc4 (26. c4
f4 $40) (26. Bxb6 Nxb6 27. Qxb6 Qg5 $17) 26... Rxc4 27. Qxc4 Qe8 28. Re1 (28.
h3 Qg6 $17) 28... Nf6 $1 29. h3 (29. Bxb6 Bxh2+ 30. Kxh2 Qh5+ 31. Kg1 Ng4 32.
Bd3 Qh2+ 33. Kf1 Qh1+ 34. Ke2 exd3+ $17) 29... Nd7 $1 30. Qc7 (30. Qb4 $5)
30... f4 $1 {[%mdl 128] Polgar plays her cards very skilfully, white has
problems to hold his endangered kingside.} 31. Bc1 (31. Bxb6 Nxb6 (31... e3 $2
32. Bb5 $1 $16) 32. Qxb6 Qg6 (32... e3 33. fxe3 f3 $17 34. gxf3 Qg6+ 35. Bg2
Qg3 36. Kf1 Rxf3+ 37. Bxf3 Qxf3+ $11) 33. c4 e3 $40) 31... e3 32. Bb5 (32. fxe3
f3 33. gxf3 Qg6+ 34. Bg2 Qg3 35. Kf1 Nc5 $1 (35... Rxf3+ 36. Bxf3 Qxf3+ 37. Kg1
Nf8 (37... Bh2+ 38. Kxh2 Qf2+ 39. Kh1 Qxe1+ 40. Kg2 Nf6 41. Qc8+ Kf7 42. Qe6+
Kg6 43. Bb2 $11) 38. Bd2 Qg3+ 39. Kf1 Qxh3+ 40. Ke2 Bg3 41. Rb1 Qg2+ 42. Kd3
Qxd5+ 43. Ke2 $13) 36. f4 g5 37. Qe7 gxf4 38. exf4 Bd4 $1 39. Qe2 Qh2 40. Qg4+
Kh8 $19) 32... exf2+ 33. Kxf2 f3 $1 (33... f3 $1 34. Qxd7 (34. gxf3 Bg3+ 35.
Kxg3 Qxe1+ $19) 34... Bg3+ 35. Kxg3 Qxe1+ 36. Kh2 Qxc1 $19) 0-1

[Event "Olympiad-34"]
[Site "Istanbul"]
[Date "2000.11.10"]
[Round "13.2"]
[White "Spraggett, Kevin"]
[Black "Zagrebelny, Sergey"]
[Result "1-0"]
[WhiteElo "2501"]
[BlackElo "2536"]
[Annotator "Ftacnik,L"]
[PlyCount "63"]
[EventDate "2000.10.28"]
[EventType "team-swiss"]
[EventRounds "14"]
[EventCountry "TUR"]
[SourceTitle "EXT 2001"]
[Source "ChessBase"]
[SourceDate "2000.11.22"]
[SourceVersion "1"]
[SourceVersionDate "2000.11.22"]
[SourceQuality "1"]
[WhiteTeam "Canada"]
[BlackTeam "Uzbekistan"]
[WhiteTeamCountry "CAN"]
[BlackTeamCountry "UZB"]

1. e4 c5 2. Nf3 d6 3. d4 cxd4 4. Nxd4 Nf6 5. Nc3 a6 6. Be2 e5 7. Nb3 Be7 8. O-O
O-O 9. Re1 Be6 10. Bf1 Nbd7 11. Nd5 Nxd5 12. exd5 Bf5 13. a4 Rc8 14. c3 Bg5 (
14... g5 15. g4 Bg6 16. Bd3 Nb6 17. a5 Nd7 18. Qc2 Nf6 19. Bxg6 fxg6 20. Qd1
Qd7 21. h3 Rf7 22. Qd3 Rcf8 23. Nd2 h5 {1/2-1/2 Fishbein,A-Browne,W/USA 1987/ 
(33)}) (14... h6 15. a5 Bg5 16. Nd2 Re8 17. Nc4 Bxc1 18. Rxc1 Qc7 19. b4 Bh7
20. Qd2 Rcd8 21. Qe3 f5 {1/2-1/2 Cuijpers,F-King,D/Germany 1990/ (54)}) (14...
Bg6 15. a5 f5 16. Ra4 Nf6 17. Rb4 Qd7 18. f3 Bf7 19. c4 Nh5 20. Be3 Bh4 21. g3
f4 {1/2-1/2 Geller,E-Lutz,C/Dortmund 1991/ (41)}) (14... a5 15. Be3 Bg6 16. Nd2
f5 17. f4 Bf7 18. Nc4 exf4 19. Bxf4 Nf6 20. Rxe7 Rxc4 21. Bxc4 Qxe7 22. Qd4 {
1-0 Cuijpers,F-Koch,T/Germany 1996/ (40)}) 15. Bxg5 (15. a5 Bxc1 16. Qxc1 Nf6
17. Qd2 Ne4 18. Qe3 Bg6 19. f3 Nc5 20. Nxc5 Rxc5 21. b4 Rc7 22. c4 f5 23. Qb6
Rf6 24. Rad1 f4 25. c5 Bf7 26. c6 {1-0 Cuijpers,F-Bezemer,A/NED 1995/ (33)})
15... Qxg5 16. a5 Bg6 17. Nd2 f5 (17... Bh5 18. Ne4 Bxd1 19. Nxg5 Bc2 20. Rac1
Bg6 21. b4 h6 22. Nf3 Rc7 23. c4 Rfc8 24. Nd2 Rb8 25. Re3 b6 {1/2-1/2 London,
D-Gruenfeld,Y/New York 1985/ (38)}) 18. Nc4 Rf6 19. Ra4 Nc5 (19... Bh5 20. f3
$5 (20. Qd2 Qxd2 21. Nxd2 Bf7 $11) (20. Be2 Rg6 21. g3 Bxe2 22. Qxe2 f4 $11)
20... e4 21. f4 Qg6 22. Qd2 $14) 20. Rb4 f4 (20... Bh5 21. f3 e4 22. Qd2 Qg6
23. f4 $14) 21. Rb6 Rd8 $6 {[%mdl 32] White has chosen very unpleasant plan
for Zagrebelny, d6 pawn has the proud role of the key to the black postion.} (
21... Bh5 $5 22. Qd2 (22. f3 e4 23. Nxd6 Bxf3 24. Qd4 Bxg2 25. Bxg2 f3 26. Qf2
Rcf8 $19) 22... Bf3 23. b4 Na4 24. Rxd6 Rxc4 25. Rxf6 gxf6 26. d6 $1 $16) 22.
b4 $1 Bh5 (22... Ne4 23. Qf3 Qf5 24. Rxb7 Ng5 25. Qd1 $16) 23. f3 e4 (23... Nd7
24. Rxb7 $18) 24. bxc5 exf3 (24... Bxf3 25. Qc2 e3 26. Rxd6 $18) 25. Qd2 fxg2
26. Bxg2 Qg4 (26... dxc5 27. Rxb7 Bf3 28. Re5 Qg6 (28... Qg4 29. Rbe7 $18) 29.
Rbe7 $18) 27. Rxd6 Rdxd6 28. cxd6 {The attack and defence do not cancel
themselves out, white is winning due to the powerful passed pawn.} f3 29. Ne5
Qh4 (29... Qxg2+ 30. Qxg2 fxg2 31. d7 Rd6 (31... Rf8 32. Nc6 $1 $18) 32. Rb1
Rxd5 33. Rxb7 Kf8 34. Kxg2 $18) 30. Nxf3 Bxf3 31. d7 Rf8 32. Re8 (32. Re8 Bxg2
33. d6 $1 Qf6 (33... Bc6 34. Qa2+ $18) 34. Qa2+ Kh8 35. Qxg2 $18) 1-0

[Event "EU-Cup 16th"]
[Site "Neum"]
[Date "2000.09.26"]
[Round "3.1"]
[White "Ivanchuk, Vassily"]
[Black "Morovic Fernandez, Ivan"]
[Result "1-0"]
[WhiteElo "2719"]
[BlackElo "2608"]
[Annotator "Ftacnik,L"]
[PlyCount "65"]
[EventDate "2000.09.24"]
[EventType "team-swiss"]
[EventRounds "7"]
[EventCountry "BIH"]
[SourceTitle "CBM 080"]
[Source "ChessBase"]
[SourceDate "2001.01.25"]
[SourceVersion "1"]
[SourceVersionDate "2001.01.25"]
[SourceQuality "1"]
[WhiteTeam "Warsaw Polonia"]
[BlackTeam "Zagreb Zrinjevac"]
[WhiteTeamCountry "POL"]
[BlackTeamCountry "CRO"]

1. e4 c5 2. Nf3 d6 3. d4 cxd4 4. Nxd4 Nf6 5. Nc3 a6 6. Be2 e5 7. Nb3 Be7 8. O-O
Be6 9. f4 Qc7 10. Kh1 Nbd7 11. a4 O-O 12. g4 Bxb3 13. cxb3 Nc5 14. g5 $5 $146 {
[%mdl 8] Ivanchuk comes with great novelty, that was likely prepared at home.
Black pieces will be driven back home and white wins material.} Nfxe4 15. Nd5
Qd8 (15... Qd7 16. Bg4 $14) 16. b4 Nd7 (16... Ne6 17. f5 $1 Nc7 (17... N6xg5
18. Qd3 Rc8 19. h4 $40) 18. f6 gxf6 19. Nxe7+ Qxe7 20. gxf6 $40) 17. Qc2 f5 18.
Nc7 Rc8 19. Qb3+ Kh8 (19... Rf7 20. Bc4 Qf8 21. fxe5 Nxe5 22. Bxf7+ Qxf7 23.
Qxf7+ Nxf7 24. Nd5 $14) 20. Ne6 Qe8 (20... Qb6 21. Nxf8 Qc6 22. Bf3 $14) 21.
Nxf8 Bxf8 22. fxe5 {Morovic has single pawn for the exchange, but his hopes
can be connected with some play against white exposed king.} (22. Bf3 Nb6 23.
Bxe4 fxe4 24. fxe5 Nc4 $14) 22... Nxe5 (22... Qxe5 23. Bf4 $16) 23. Rxf5 g6 (
23... Qc6 24. Kg1 $1 (24. Bf3 Nf2+ 25. Kg2 Qd7 26. Rxe5 dxe5 27. Kxf2 Rxc1 28.
Rxc1 Qd2+ $15) 24... Qd7 25. Rf4 $16) 24. Rf4 Qc6 25. Bf3 (25. Kg1 $5 $16)
25... Nxf3 (25... Nf2+ 26. Kg2 (26. Kg1 $2 Nh3+ $19) 26... Nxf3 27. Rxf3 (27.
Qxf3 Nd3 28. Qxc6 Nxf4+ 29. Bxf4 Rxc6 30. Rd1 $11) 27... Ne4 28. Be3 $16) 26.
Qxf3 Qxc1+ {Fine combination that can be subtly refuted, the finish is very
instructive.} (26... Nf2+ 27. Kg1 $1 Qxf3 28. Rxf3 Ng4 29. Bf4 $18) 27. Rxc1
Rxc1+ 28. Kg2 Rc2+ 29. Kg1 (29. Kh3 $4 Nxg5+ $19) 29... Rc1+ 30. Qf1 (30. Kg2
Rc2+) 30... Rxf1+ 31. Kxf1 $1 (31. Rxf1 $2 Kg8 $19) 31... Nd2+ (31... Be7 32.
Rxe4 Bxg5 33. Re8+ Kg7 34. Rb8 $18) 32. Ke1 Be7 33. h4 $1 (33. h4 $1 Nb3 34.
Rf7 $18) 1-0

[Event "UKR-ch 73rd"]
[Site "Kharkov"]
[Date "2004.08.25"]
[Round "1.2"]
[White "Rogovski, Vladimir"]
[Black "Efimenko, Zahar"]
[Result "0-1"]
[WhiteElo "2486"]
[BlackElo "2572"]
[Annotator "Ftacnik,L"]
[PlyCount "78"]
[EventDate "2004.08.03"]
[EventType "k.o."]
[EventRounds "5"]
[EventCountry "UKR"]
[SourceTitle "CBM 103"]
[Source "ChessBase"]
[SourceDate "2004.11.11"]
[SourceVersion "1"]
[SourceVersionDate "2004.11.11"]
[SourceQuality "1"]

1. e4 c5 2. Nf3 d6 3. d4 cxd4 4. Nxd4 Nf6 5. Nc3 a6 6. Be2 e5 7. Nb3 Be7 8. Bg5
Be6 9. Bxf6 Bxf6 10. Qd3 Nc6 11. O-O-O Nd4 12. Nxd4 exd4 13. Nd5 Bxd5 14. exd5
O-O 15. Qf3 {[%mdl 4] This plan is pretty dangerous for black as white wants
to put the bishop on d3 and march his kingside pawns against the enemy king.} (
15. h4 Re8 16. Kb1 Qb6 17. g4 g6 18. h5 Re7 19. hxg6 hxg6 20. Qf3 Bg7 21. Bd3
Rae8 22. Qh3 Qa5 23. f4 Re1 24. Qh4 Rxd1+ 25. Rxd1 Qxd5 26. a3 {1-0 Cernousek,
L-Danner,G/Budapest 2004/ (39)}) 15... Re8 (15... Qa5 16. Kb1 Rfe8 17. Bd3 Re5
(17... Be5 18. h4 Re7 19. h5 Rae8 20. a3 b5 21. Qe4 g6 22. hxg6 fxg6 23. Rxh7
Rxh7 24. Qxg6+ Kf8 25. Qxh7 {1-0 Jansa,V-Mietzner,T/Germany 2004/ (29)}) 18. g4
Qxd5 19. Qxd5 Rxd5 20. f4 g6 (20... h6 21. h4 g6 22. b4 Rc8 23. g5 hxg5 24.
hxg5 Bg7 25. Rde1 a5 26. a3 {1-0 Lobzhanidze,D-Rechel,B/Wiesbaden 1998/ (65)})
21. b4 g5 22. Bc4 Rb5 23. Bxb5 axb5 24. fxg5 Be5 25. Rd3 {1-0 Lobzhanidze,
D-Maiorov,O/Cherkessk 1997/ (41)}) (15... d3 16. Bxd3 Be5 17. h4 Rc8 18. c3 f5
19. Bxf5 g6 20. Be6+ Kg7 21. Qe2 Qb6 22. f3 Rc5 23. Rd3 Rf4 24. Qc2 {1-0
Ganguly,S-Sutovsky,E/Pune 2004/ (40)}) 16. Bd3 Re5 17. Rhe1 (17. Kb1 Qe7 (17...
Qb6 18. g4 Rae8 19. h4 Qc5 20. g5 Bd8 21. Qh5 g6 22. Qg4 Qxd5 23. a3 b5 24. f4
Re3 25. h5 Qf3 26. Qd7 R3e7 27. Qxd6 Re6 28. Qxd4 {1-0 Mokry,K-Bouaziz,S/
Reggio Emilia 1983/ (50)}) (17... Qa5 18. g4 Qxd5 (18... Rae8 19. h4 h6 20. a3
Qxd5 21. Qxd5 Rxd5 22. f4 Rc5 23. g5 Bd8 24. Rhe1 Re3 25. Rxe3 dxe3 26. Re1 Rc7
27. Rxe3 Re7 {1/2-1/2 Paehtz,E-Zhao Xue/Elista 2004/ (33)}) 19. Qxd5 Rxd5 20.
f4 g5 21. fxg5 (21. Bc4 Rc5 22. fxg5 Bxg5 23. Rxd4 Be3 24. Re4 Re5 25. Rxe5
dxe5 26. Bd5 Ra7 27. Re1 Bf4 28. c4 {1-0 Navara,D-Smeets,J/Antalya 2004/ (43)})
21... Rxg5 22. Bf5 Re8 23. Rhf1 Be5 24. h4 Rg7 25. h5 h6 26. Rf3 f6 27. a4 {
1-0 Kulaots,K-Areshchenko,A/Cappelle la Grande 2004/ (60)}) 18. h4 Re8 19. a3 (
19. Qh3 h5 20. g4 hxg4 21. Qxg4 Re1 22. a3 Rxd1+ {1/2-1/2 Hracek,Z-Palac,M/
Rabac 2004/ (22)}) 19... b5 20. g4 Qb7 (20... Bxh4 21. Qf4 h6 22. Qxd4 Bf6 23.
f4 Re3 24. Qb6 Ra8 25. g5 {1-0 Michielsen,J-Becker,M/Arnhem 2004/ (44)}) 21. g5
Bd8 22. Qh5 g6 23. Qg4 b4 24. axb4 Qxb4 25. h5 {1/2-1/2 Totsky,L-Ivanov,V/
Smolensk 1991/ (36)}) 17... Qe7 18. Rxe5 (18. Re4 Rxe4 19. Bxe4 Qe5 20. g3 Re8
21. Re1 g6 22. Kd1 $14) 18... Qxe5 (18... dxe5 $5 {It seems strange to unleash
the d5 pawn into a potentially dangerous passed monster, but natural recapture
greatly improves black's pawn structure.} 19. Qe4 (19. d6 Qxd6 20. Qxb7 Rb8 21.
Qxa6 Qb4 22. b3 Bg5+ 23. Kb1 g6 $15) 19... g6 20. f4 Qd6 21. g3 Rd8 $13) 19.
Kb1 Re8 20. g3 g6 21. h4 h5 22. a3 (22. Qh1 b5 23. f4 Qe3 24. f5 gxf5 25. Bxf5
d3 26. Bxd3 Qe5 27. c3 b4 $132) 22... Bd8 23. Qh1 Ba5 24. b4 (24. f4 Qe1 25. f5
Qxh1 26. Rxh1 Kg7 27. b4 Bd8 28. fxg6 fxg6 29. a4 $14) 24... Bd8 25. f4 Qe3 26.
f5 g5 (26... Qxg3 27. fxg6 Bxh4 28. gxf7+ Kxf7 29. Rf1+ Ke7 30. Qe4+ Kd8 31.
Qxd4 $14) 27. f6 $2 {Rogovski shows a great ambition, but the pawn structure
transformes into enemy's favour.} (27. hxg5 Qxg5 28. Qh2 Re3 29. Rh1 Rxg3 30.
Qxh5 Qxh5 31. Rxh5 $14) 27... g4 $1 (27... Bxf6 28. hxg5 Qxg5 29. Rf1 Kg7 30.
Ka2 (30. Rf5 Qxg3 31. Qxh5 Re1+ 32. Ka2 Qg1 33. Rf4 Ra1+ 34. Kb3 Rxa3+ 35. Kxa3
Qc1+ 36. Ka2 Qxf4 37. Qh7+ Kf8 $15) 30... Re5 31. Qg2 Re3 32. Rf5 Qxg3 33.
Qxg3+ Rxg3 34. Rxh5 $11) 28. Qg2 (28. Qf1 Re5 29. Qg2 Bxf6 $15) 28... a5 29. b5
(29. bxa5 Bxf6 30. Rf1 Bd8 $15) 29... a4 (29... Bxf6 30. Rf1 Kg7 $15) 30. c4 $2
{This suicidal opening of the queenside will prevent Ba5-e1, but white king
will be naked.} (30. Rf1 Ba5 31. Ka2 Be1 32. Rg1 Bf2 $17) 30... dxc3 31. Qc2
Bxf6 32. Rf1 Kg7 33. Rf4 Qxg3 34. Rxa4 Re3 (34... Qxh4 $19) 35. Bc4 Re1+ 36.
Ka2 Qg1 37. Bd3 (37. Ra8 Rc1 38. Qe4 Qd1 $19) 37... Rc1 38. Qe2 c2 39. Bxc2 Qc5
(39... Qc5 40. Bb1 Qxd5+ $19) 0-1